000 01028nam a2200277 i 4500
001 19154
003 ES-MaACL
005 20230906152019.0
007 t|
008 020626s1993 sp a ||||1| spa d
020 _a84-7719-391-6
080 _a352 (460.181)"15/18"
080 _a352 (460.181).077.6"15/18"
080 _a353.2(460.181).071.55"15/18"
100 1 _aRubio Pérez, Laureano M.
_9100437
245 1 3 _aEl sistema político concejil en la provincia de León /
_cLaureano M. Rubio Pérez.
260 _aLeón :
_bUniversidad de León, Secretariado de Publicaciones,
_c[1993]
300 _a471 p. :
_bil. ;
_c29 cm.
490 1 _aLeón, historia y sociedad ;
_v2
650 _aAdministración municipal-
_zLeón (Provincia)-
_vHistoria.
_9156392
650 _aOrdenanzas municipales-
_zLeón (Provincia)
_9171809
651 4 _aLeón (Provincia)-
_xDivisiones territoriales-
_vHistoria.
_9156393
830 1 _aLeón, historia y sociedad ;
_v2
_9180556
852 _aES-MaACL
_jL-25583
999 _c19154
_d19154